[Event "BRA XER-S-0011 email"]
[Site "CXEB email"]
[Date "2008.01.19"]
[Round "1"]
[White "Cardoso, Carlos AS"]
[Black "Campos, Rogerio Leal"]
[Result "1-0"]
[WhiteElo "2000"]
[BlackElo "2000"]
[PlyCount "75"]
[EventDate "2008.??.??"]
[EventType "tourn (corr)"]
[EventRounds "5"]
[EventCountry "BRA"]
[SourceTitle "Corr 2011"]
[Source "ChessBase"]
[SourceDate "2010.08.31"]
[SourceVersion "1"]
[SourceVersionDate "2010.08.31"]
[SourceQuality "1"]

1. e4 c5 2. Nc3 Nc6 3. Nf3 e5 4. d3 d6 5. Be2 Nf6 6. Bg5 Be6 7. 0-0 a6 8. h3 Be7 9. a4 Nd4 10. b3 Nxf3+ 11. Bxf3 0-0 12. Be2 h6 13. Be3 d5 14. exd5 Nxd5 15. Nxd5 Bxd5 16. Bf3 Bxf3 17. Qxf3 b5 18. Qg3 Bg5 19. Bxc5 Be7 20. Qxe5 Bxc5 21. Qxc5 Rc8 22. Qa7 Qd6 23. axb5 Ra8 24. Qb7 Rfb8 25. Rxa6 Rxa6 26. Qxa6 Rb6 27. Qc8+ Kh7 28. Qf5+ Qg6 29. Qxg6+ Kxg6 30. c4 Rd6 31. Rd1 f5 32. c5 Rd5 33. d4 Kf6 34. f4 g5 35. g3 Ke6 36. Kf2 Kd7 37. Ke3 gxf4+ 38. gxf4 1-0

[Event "BRA XER-S-0011 email"]
[Site "CXEB email"]
[Date "2008.01.19"]
[Round "1"]
[White "Morais, Carlos Rodr N"]
[Black "Cardoso, Carlos AS"]
[Result "1-0"]
[WhiteElo "2000"]
[BlackElo "2000"]
[PlyCount "83"]
[EventDate "2008.??.??"]
[EventType "tourn (corr)"]
[EventRounds "5"]
[EventCountry "BRA"]
[SourceTitle "Corr 2011"]
[Source "ChessBase"]
[SourceDate "2010.08.31"]
[SourceVersion "1"]
[SourceVersionDate "2010.08.31"]
[SourceQuality "1"]

1. d4 d5 2. c4 e6 3. Nc3 Nf6 4. Nf3 Be7 5. cxd5 exd5 6. Qa4+ c6 7. e3 0-0 8. Bd3 Nbd7 9. Qc2 h6 10. 0-0 Bd6 11. Bd2 Re8 12. a4 a6 13. a5 Nf8 14. Kh1 Bg4 15. Rg1 Bc7 16. Qb3 Rb8 17. h3 Be6 18. Qb4 Qc8 19. g4 N8h7 20. Qc5 Qd8 21. Qb4 Qd6 22. Qxd6 Bxd6 23. b3 Bd7 24. Ra4 Ng5 25. Nxg5 hxg5 26. f3 Re7 27. Raa1 Rbe8 28. Kg2 c5 29. Rgd1 Bc6 30. Ne2 Bb5 31. Bxb5 axb5 32. Nc3 b4 33. Nb5 Re6 34. Nxd6 Rxd6 35. dxc5 Rc6 36. Ra4 Rxc5 37. Rxb4 Rc2 38. Rxb7 Rxe3 39. a6 Re8 40. Kg3 Ra2 41. a7 d4 42. Bxg5 1-0